Laporan teknik : Penulisan dan penyampaian

Bibliographic Details
Main Author: Halimaton Hamdan
Format: Book
Published: Skudai : Universiti Teknologi Malaysia , 1995
Subjects:

MARC

LEADER 00000cam a2200000 7i4500
001 0000015775
005 20050919.0
020 |a 983520036X 
040 |a INS 
090 0 0 |a T11   |b H172 1995 
100 0 |a Halimaton Hamdan 
245 1 0 |a Laporan teknik :   |b Penulisan dan penyampaian   |c Halimaton Hamdan 
260 |a Skudai :   |b Universiti Teknologi Malaysia ,   |c 1995 
300 |b 70p ;   |c 22cm. 
650 0 0 |a Technical writing 
650 0 0 |a Tecnical report 
999 |a 0000015762   |b BOOK   |c Open Shelf   |e Default branch 
999 |a 0000015763   |b BOOK   |c Open Shelf   |e Default branch